Caracterización biológica y socioeconómica de la ventana de paisaje rural ganadero en el Cañón del río Barbas, Filandia (Quindío) (Registro nro. 6537)
[ vista simple ]
| 000 -CABECERA | |
|---|---|
| Campo de control | 02077nam a2200349 a 4500 |
| 005 - FECHA Y HORA DE LA ULTIMA TRANSACCION | |
| Campo de control | 20180803165401.0 |
| 008 - ELEMENTOS DE LONGITUD FIJA—INFORMACION GENERAL | |
| Campo de control | 140129b2003 ck ||||| |||| 00| 0 spa d |
| 040 ## - FUENTE DE CATALOGACIÓN | |
| Agencia transcriptora | CO-BoIH |
| 041 ## - IDIOMA | |
| Código de idioma para texto/pista de sonido o título separado | Español |
| 044 ## - PAÍS DE PUBLICACIÓN | |
| País de publicación | Colombia |
| 090 ## - CLASIFICACIÓN LOCAL | |
| Colección | IAVH |
| Consecutivo | 01100 |
| 100 ## - ASIENTO PRINCIPAL--NOMBRE PERSONAL | |
| Nombre personal | Renjifo, Luis Miguel |
| 245 ## - MENCION DE TITULO | |
| Título | Caracterización biológica y socioeconómica de la ventana de paisaje rural ganadero en el Cañón del río Barbas, Filandia (Quindío) |
| 260 ## - PUBLICACION, DISTRIBUCION, ETC. (PIE DE IMPRENTA) | |
| Lugar de publicación, distribución, etc. | Armenia |
| Nombre del editor, distribuidor, etc. | Instituto Alexander von Humboldt |
| Fecha de publicación, distribución, etc. | 2003 |
| 300 ## - DESCRIPCION FISICA | |
| Extensión | 113 p. |
| 520 ## - NOTA DE RESUMEN, ETC. | |
| Nota de resumen | Con el objetivo de evaluar el estado de la biodiversidad asociada a los diferentes tipos de paisaje rural en la zona de estudio, se realizó la caracterización biológica y sociocultural en la ventana de paisaje rural ganadero de 2.500 ha, la cual está ubicada en el cañón del río Barbas, entre los municipios de Filandia (Quindío) y Pereira (Risaralda). Para ellos se realizó la caracterización de la vegetación, analizando su riqueza, composición, complementariedad, estructura horizontal y vertical, así como las especies amenazadas que se encontraron. Igualmente se realizó la caracterización de la diversidad de hormigas en el suelo y el grupo de las aves. Para la caracterización socioeconómica se definió la metodología y por medio de visitas y encuestas realizadas a los predios de la zona se obtuvieron los resultados. Presenta una sección de resultados y conclusiones generales del estudio |
| 650 ## - ASIENTO SECUNDARIO DE MATERIA - TERMINO TEMATICO | |
| Término temático o nombre geográfico como elemento de entrada | Caracterización biológica |
| 650 ## - ASIENTO SECUNDARIO DE MATERIA - TERMINO TEMATICO | |
| Término temático o nombre geográfico como elemento de entrada | Ventana |
| 650 ## - ASIENTO SECUNDARIO DE MATERIA - TERMINO TEMATICO | |
| Término temático o nombre geográfico como elemento de entrada | Paisaje rural |
| 650 ## - ASIENTO SECUNDARIO DE MATERIA - TERMINO TEMATICO | |
| Término temático o nombre geográfico como elemento de entrada | Caracterización socioeconómica |
| 662 ## - ASIENTO SECUNDARIO DE MATERIA - JERARQUIA DEL NOMBRE DE LUGAR( | |
| País o entidad mayor | Colombia |
| Jurisdicción política intermedia | Río Barbas |
| Jurisdicción política de primer orden | Quindio |
| 700 ## - ASIENTO SECUNDARIO - NOMBRE PERSONAL | |
| Nombre personal | Lozano, Fabio H. |
| 700 ## - ASIENTO SECUNDARIO - NOMBRE PERSONAL | |
| Nombre personal | Jiménez, Elizabeth |
| 700 ## - ASIENTO SECUNDARIO - NOMBRE PERSONAL | |
| Nombre personal | Caycedo, Paula Catalina |
| 700 ## - ASIENTO SECUNDARIO - NOMBRE PERSONAL | |
| Nombre personal | Mendoza, Javier Eduardo |
| 700 ## - ASIENTO SECUNDARIO - NOMBRE PERSONAL | |
| Nombre personal | Ramirez, Diana Patricia |
| 700 ## - ASIENTO SECUNDARIO - NOMBRE PERSONAL | |
| Nombre personal | Vargas, William |
| 700 ## - ASIENTO SECUNDARIO - NOMBRE PERSONAL | |
| Nombre personal | Quevedo, Fabio Leonardo |
| 700 ## - ASIENTO SECUNDARIO - NOMBRE PERSONAL | |
| Nombre personal | Franco , Luis Edier |
| 700 ## - ASIENTO SECUNDARIO - NOMBRE PERSONAL | |
| Nombre personal | Cardona, Pedro José |
| 942 ## - ELEMENTOS ADICIONALES (KOHA) | |
| Tipo de ítem | Informe Técnico |
| Sistema de clasificación | Local |
| Withdrawn status | Lost status | Sistema de Clasificación | Damaged status | No para préstamo | Colección | Inventariado | Ubicación Permanente | Ubicación actual | Fecha de adquisición | Total Checkouts | Número topográfico | Inventario / Código de Barras | Date last seen | Date checked out | Ejemplar | Price effective from | Forma de adquisición | Tipo de material |
|---|---|---|---|---|---|---|---|---|---|---|---|---|---|---|---|---|---|---|
| Local | Humboldt | Inventariado 2017 | Bogotá | Bogotá | 05/09/2008 | 1 | IAVH-01100 | 026355 | 09/08/2024 | 21/06/2013 | Ej. 1 | 04/12/2012 | Informe Técnico |